• 首页
  • 本馆介绍
  • 公告通知
  • 最新文献
  • 馆藏检索
  • 电子资源
  • 读者导购
  • 参考咨询
  • 我的图书馆
  • 登录
  • 详细信息显示
  • 放入我的书架
  • 预约/预借图书
  • 作者相关作品
  • 分类相关作品
  • 丛书相关作品
  • 出版社相关作品

书目信息

  • 表格格式
  • 工作单格式
  • 卡片格式
题名:
当代美国资产阶级哲学资料
    
 
作者:
分册: 第二辑  
出版信息: 北京   商务印书馆  1978
页数: 365
开本: 19cm
丛书名:
单 册:
中图分类: B7
科图分类:
主题词: 哲学--美洲
电子资源:
ISBN:
000 00438nam0 2200157 450
001 0735257515
005 20070904094737.51
100    @a20070904d km y0chiy0120 ea
101 0  @achi
200 1  @a当代美国资产阶级哲学资料@Adang dai mei guo zi chan jie ji zhe xue zi liao@h第二辑
210    @a北京@c商务印书馆@d1978
215    @a365@d19cm@eB7
606 0  @a哲学@x美洲
690    @aB7@v3
801  0 @aCN@bPFT@c20070904
905    @a213230@dB7@ea1:2@f1
    
    当代美国资产阶级哲学资料.第二辑.-北京:商务印书馆,1978
    365;19cm+B7
    
    
    ISBN :
    
●
相关链接 在E读中查询图书 在五车中查询图书 在当当中查询图书 在豆瓣中查询图书


正题名:当代美国资产阶级哲学资料     索取号:B7/a1:2         预约/预借

序号 登录号 条形码 馆藏地/架位号 状态 备注
1 7500824   275008242   史法系资料室/ [索取号:B7/a1:2] 在馆    
唐山师范学院图书馆 欢迎您!
大连网信软件有限公司© 版权所有